00610cam a2200181 a 4500020002600000020002300026020002500049020002200074040000800096082002600104100002100130245007300151260006600224300002500290500008400315650001000399650001900409 a9780802090348 (cloth) a0802090346 (cloth) a9780802093752 (pbk.) a0802093752 (pbk.) cNLC04a081 ADB 2009 C337 Or.1 aWaring, Marilyn,10aTHAILAND: National environmental performance assessment(EPA) report. aToronto ;aBuffalo, NY :bUniversity of Toronto Press,cc2009 axii, 230 p. ;c23 cm a"Updated, revised North American ed. of: In the lifetime of a goat"--T.p. verso 0aWomen 0aWorld politics